000 00614cam a22002051 4500
001 ca 17000828
003 DLC
005 20260227111102.0
008 780123s1893 xx ac 000 0 eng
010 _aca 17000828
035 _a(OCoLC)3574188
040 _aDLC
_cNcCU
_dNcCU
_dDLC
042 _apremarc
050 0 0 _aG530
_b.C88
100 1 _aCrapo, Thomas,
_d1842-1899.
245 1 0 _aStrange, but true.
_bLife and adventures of Captain Thomas Crapo and wife.
_cWilliam J. Cowin, editor.
260 _aNew Bedford,
_bT. Crapo,
_c1893.
300 _a154 p.
_billus., ports.
_c20 cm.
700 1 _aCowin, William J.
999 _c14989
_d14989